| 000 | 00445nam a22001697a 4500 | ||
|---|---|---|---|
| 003 | OSt | ||
| 008 | 260512b |||||||| |||| 00| 0 eng d | ||
| 082 |
_a633.15 _bP67E |
||
| 100 | _aPoonam | ||
| 245 | _aEffect of Crop-Geometry on Production Potential of Winter Maize-Potato Intercropping System | ||
| 260 |
_aPusa, Samsatipur _bRAU _c1999 |
||
| 300 | _a75P. | ||
| 502 |
_bMsc. _d1999 |
||
| 650 | _aAgronomy | ||
| 650 | _aMsc. | ||
| 942 |
_2ddc _cT |
||
| 999 |
_c50544 _d50544 |
||